Shri ranga vilas ginning , spinning & weaving mills ltd (Record no. 534975)

MARC details
000 -LEADER
fixed length control field 00650nam a2200193Ia 4500
003 - CONTROL NUMBER IDENTIFIER
control field OSt
005 - DATE AND TIME OF LATEST TRANSACTION
control field 20220925195957.0
008 - FIXED-LENGTH DATA ELEMENTS--GENERAL INFORMATION
fixed length control field 220923b |||||||| |||| 00| 0 eng d
037 ## - SOURCE OF ACQUISITION
Terms of availability General Book
040 ## - CATALOGING SOURCE
Original cataloging agency RTL
Transcribing agency RTL
Language of cataloging eng
041 ## - LANGUAGE CODE
Source of code eng
Language code of text/sound track or separate title eng
245 #0 - TITLE STATEMENT
Title Shri ranga vilas ginning , spinning & weaving mills ltd
Remainder of title Annual records and accounts for the year Dec.1964-65.
260 ## - PUBLICATION, DISTRIBUTION, ETC.
Place of publication, distribution, etc. Coimbator
Name of publisher, distributor, etc. Shri Ranga Villas Ginning spining & weaving mills.
Date of publication, distribution, etc. 1965
942 ## - ADDED ENTRY ELEMENTS (KOHA)
Classification part X9(M7:11).2136.N64t, K4
Koha item type General Books
Source of classification or shelving scheme Colon Classification (CC)

No items available.

Copyright @ Delhi University Library System